<?xml version="1.0" encoding="UTF-8"?><?xml-stylesheet type="text/xsl" href="static/style.xsl"?><OAI-PMH xmlns="http://www.openarchives.org/OAI/2.0/" xmlns:xsi="http://www.w3.org/2001/XMLSchema-instance" xsi:schemaLocation="http://www.openarchives.org/OAI/2.0/ http://www.openarchives.org/OAI/2.0/OAI-PMH.xsd"><responseDate>2026-04-17T01:25:02Z</responseDate><request verb="GetRecord" identifier="oai:www.recercat.cat:2099.1/4691" metadataPrefix="marc">https://recercat.cat/oai/request</request><GetRecord><record><header><identifier>oai:recercat.cat:2099.1/4691</identifier><datestamp>2025-07-23T03:00:36Z</datestamp><setSpec>com_2072_1033</setSpec><setSpec>col_2072_452951</setSpec></header><metadata><record xmlns="http://www.loc.gov/MARC21/slim" xmlns:dcterms="http://purl.org/dc/terms/" xmlns:xsi="http://www.w3.org/2001/XMLSchema-instance" xmlns:doc="http://www.lyncode.com/xoai" xsi:schemaLocation="http://www.loc.gov/MARC21/slim http://www.loc.gov/standards/marcxml/schema/MARC21slim.xsd">
   <leader>00925njm 22002777a 4500</leader>
   <datafield ind2=" " ind1=" " tag="042">
      <subfield code="a">dc</subfield>
   </datafield>
   <datafield ind2=" " ind1=" " tag="720">
      <subfield code="a">Fernández Molina, Pablo</subfield>
      <subfield code="e">author</subfield>
   </datafield>
   <datafield ind2=" " ind1=" " tag="260">
      <subfield code="c">2008-01-24</subfield>
   </datafield>
   <datafield ind2=" " ind1=" " tag="520">
      <subfield code="a">Los dos objetivos planteados en este trabajo consisten en desarrollar nodos&#xd;
domóticos capaces de funcionar de forma independiente o en red y estudiar&#xd;
las posibilidades que ofrece el bus CAN en el ámbito de la domótica.&#xd;
Para su realización se ha estudiado el bus CAN, se ha diseñado y construido&#xd;
el hardware de los nodos basados en un microcontrolador, se han programado&#xd;
los microcontroladores en lenguaje C, se ha programado una aplicación para&#xd;
PC mediante LabVIEW de forma que el PC se integre en la red como un nodo&#xd;
más y se ha definido un protocolo para la comunicación de los nodos mediante&#xd;
bus CAN. Finalmente, se han realizado pruebas para verificar el correcto&#xd;
funcionamiento de todos y cada uno de los elementos del sistema.&#xd;
Como resultado se ha obtenido el prototipo de una red domótica con tres&#xd;
nodos, ampliable hasta 112. De los nodos construidos, dos son estándar y el&#xd;
tercero es una interfaz que permite acciones de monitorización y control. Los&#xd;
nodos se comunican mediante un bus CAN, utilizando el protocolo definido en&#xd;
este trabajo.</subfield>
   </datafield>
   <datafield tag="653" ind2=" " ind1=" ">
      <subfield code="a">Àrees temàtiques de la UPC::Enginyeria de la telecomunicació::Telemàtica i xarxes d'ordinadors::Protocols de comunicació</subfield>
   </datafield>
   <datafield tag="653" ind2=" " ind1=" ">
      <subfield code="a">Computer network protocols</subfield>
   </datafield>
   <datafield tag="653" ind2=" " ind1=" ">
      <subfield code="a">Domótica</subfield>
   </datafield>
   <datafield tag="653" ind2=" " ind1=" ">
      <subfield code="a">CAN</subfield>
   </datafield>
   <datafield tag="653" ind2=" " ind1=" ">
      <subfield code="a">Protocols de xarxes d'ordinadors</subfield>
   </datafield>
   <datafield ind2="0" ind1="0" tag="245">
      <subfield code="a">Diseño de nodos inteligentes para instalaciones domóticas basadas en bus</subfield>
   </datafield>
</record></metadata></record></GetRecord></OAI-PMH>